| 000 | 00780nam a22002417a 4500 | ||
|---|---|---|---|
| 005 | 20170124110225.0 | ||
| 010 | _aA-899698 | ||
| 020 |
_c00.00 _a817224536X |
||
| 035 | _aA-899698 | ||
| 037 | _bCen Lib/Ret | ||
| 040 |
_aDPL _bEN |
||
| 082 |
_a658.3125 _bARM |
||
| 100 |
_aArmstrong, Michael _932278 |
||
| 245 |
_aThe job evaluation handbook / _cby Michael Armstrong [and] Angela Baron |
||
| 260 |
_bJaico Publishing House _c1997 _aMumbai |
||
| 270 |
_a121 Mahatama Gandhi Road _bMumbai _e400 023 |
||
| 300 |
_axii,404p. _c22cm(Hb) |
||
| 500 | _aIncludes bibliographical references and index | ||
| 650 |
_aJob evaluation _940576 |
||
| 650 |
_aJob evaluation -- Methodology _940577 |
||
| 700 |
_aBaron, Angela _940578 |
||
| 942 |
_2ddc _cEN _h658.3125 _mARM |
||
| 999 |
_c134382 _d134382 |
||